Medium and high speed diesel engines for marine use (Record no. 12098)

000 -LEADER
fixed length control field 00547nam a2200193 4500
001 - CONTROL NUMBER
control field 12098
003 - CONTROL NUMBER IDENTIFIER
control field BD-DhUET
008 - FIXED-LENGTH DATA ELEMENTS--GENERAL INFORMATION
fixed length control field 730523s1972 enka b 001 0 eng
020 ## - INTERNATIONAL STANDARD BOOK NUMBER
International Standard Book Number 0900976012
040 ## - CATALOGING SOURCE
Original cataloging agency DLC
Transcribing agency DLC
Modifying agency BD-DhUET
082 00 - DEWEY DECIMAL CLASSIFICATION NUMBER
Classification number 626.87236
Item number HEN/1972
100 ## - MAIN ENTRY--PERSONAL NAME
Personal name Henshall, S. H.
245 10 - TITLE STATEMENT
Title Medium and high speed diesel engines for marine use
250 ## - EDITION STATEMENT
Edition statement 1st ed.
260 ## - PUBLICATION, DISTRIBUTION, ETC. (IMPRINT)
Place of publication, distribution, etc. London
Name of publisher, distributor, etc. Institute of Marine Engineers
Date of publication, distribution, etc. 1972
300 ## - PHYSICAL DESCRIPTION
Extent viii, 411 p.
Other physical details illus.
Dimensions 23 cm.
650 #0 - SUBJECT ADDED ENTRY--TOPICAL TERM
Topical term or geographic name as entry element Diesel engines: Marine engineering
942 ## - ADDED ENTRY ELEMENTS (KOHA)
Koha item type General Book
Holdings
Piece designation (barcode) Koha date last borrowed Damaged status Date acquired Price effective from Lost status Koha normalized classification for sorting Source of classification or shelving scheme Not for loan Shelving location Koha date last seen Withdrawn status Koha issues (times borrowed) Sublocation or collection (holding branch) Copy number Koha item type Location (home branch) Koha full call number
532302024-11-18 2015-02-232015-02-23 626_872360000000000_HEN_1972  Circulation section2024-11-27 2Central Library, BUET1General BookCentral Library, BUET626.87236/HEN/1972
410392018-07-30 2015-05-102015-05-10 626_872360000000000_HEN_1972  Circulation section2018-08-27 1Central Library, BUET2General BookCentral Library, BUET626.87236/HEN/1972
53229  2015-06-212015-06-21 626_872360000000000_HEN_1972  Reading section2015-06-21  Central Library, BUET3General BookCentral Library, BUET626.87236/HEN/1972